[Event "Women's Speed Chess Q4"]
[Site "chess.com INT"]
[Date "2021.06.03"]
[Round "3"]
[White "Agrest, Inna"]
[Black "Pham, Le Thao Nguyen"]
[Result "0-1"]
[WhiteTitle "WIM"]
[BlackTitle "IM"]
[WhiteElo "2285"]
[BlackElo "2369"]
[WhiteFideId "1708830"]
[BlackFideId "12401226"]
[EventDate "2021.06.03"]

1. e4 c5 2. Nf3 e6 3. d4 cxd4 4. Nxd4 a6 5. Bd3 Bc5 6. Nb3 Be7 7. Qg4 g6 8. Qe2
d6 9. O-O Nc6 10. a4 Nf6 11. a5 O-O 12. Bh6 Re8 13. N1d2 Ne5 14. h3 Bd7 15. Nc4
Nxc4 16. Bxc4 Rc8 17. Bd3 Nh5 18. Qe3 e5 19. Rfe1 Be6 20. Nd2 Nf4 21. Nf1 Bg5
22. Bxg5 Qxg5 23. Qg3 Qxg3 24. fxg3 Nxd3 25. cxd3 Rc2 26. Rac1 Rxb2 27. Rc7 Rc8
28. Rec1 Rxc7 29. Rxc7 Rb5 30. Ne3 Rxa5 31. Rxb7 Ra3 32. g4 Rxd3 33. Kf2 a5 34.
g5 a4 35. Ra7 a3 36. Ke2 Rb3 37. Kd2 Rb2+ 38. Kc3 Re2 39. Nc2 a2 40. Nb4 Rxg2
41. Nc6 Rg1 42. Ra8+ Kg7 43. Ne7 f6 44. Ra7 a1=Q+ 0-1

[Event "Women's Speed Chess Q4"]
[Site "chess.com INT"]
[Date "2021.06.03"]
[Round "3"]
[White "Grigoryan, Meri"]
[Black "Petrova, Irina"]
[Result "1/2-1/2"]
[WhiteTitle "WFM"]
[BlackTitle "WIM"]
[WhiteElo "2044"]
[BlackElo "2110"]
[WhiteFideId "13300571"]
[BlackFideId "14124122"]
[EventDate "2021.06.03"]

1. d4 d6 2. c4 e5 3. e3 Nc6 4. d5 Nce7 5. Nc3 f5 6. e4 Nf6 7. exf5 Bxf5 8. g3 g6
9. Bg2 Bg7 10. Nf3 O-O 11. O-O Qd7 12. Bg5 Bh3 13. Bxf6 Bxf6 14. Ne4 Bxg2 15.
Kxg2 Qg4 16. Qd3 Bg7 17. h3 Qd7 18. Neg5 Rf5 19. Ne6 e4 20. Qxe4 Bxb2 21. Rab1
Be5 22. Rxb7 Rc8 23. g4 Rf6 24. Nxe5 dxe5 25. Qxe5 Rf7 26. Rxc7 Rxc7 27. Qxc7
Qe8 28. Qe5 Nc8 29. c5 Qa4 30. Re1 Qa3 31. Re3 Qxa2 32. Re2 Qb3 33. Ng5 Re7 34.
Qb2 Qxd5+ 35. f3 Rxe2+ 36. Qxe2 Qxg5 37. Qe8+ Kg7 38. Qxc8 Qd2+ 39. Kg3 Qe1+ 40.
Kf4 Qc1+ 41. Kg3 Qe1+ 42. Kg2 Qd2+ 43. Kg3 Qe1+ 1/2-1/2

[Event "Women's Speed Chess Q4"]
[Site "chess.com INT"]
[Date "2021.06.03"]
[Round "3"]
[White "Vo, Thi Kim Phung"]
[Black "Vu, Bui Thi Thanh Van"]
[Result "1-0"]
[WhiteTitle "WGM"]
[BlackTitle "WFM"]
[WhiteElo "2335"]
[BlackElo "1750"]
[WhiteFideId "12401838"]
[BlackFideId "12408921"]
[EventDate "2021.06.03"]

1. d4 e6 2. c4 f5 3. Nc3 Nf6 4. Nf3 Be7 5. g3 O-O 6. Bg2 d6 7. O-O Ne4 8. Qc2
Nxc3 9. bxc3 Nc6 10. Rb1 Qe8 11. e4 e5 12. d5 Nb8 13. c5 Nd7 14. cxd6 cxd6 15.
exf5 Nb6 16. g4 Qf7 17. c4 Bd7 18. Nd2 Rac8 19. Qd3 Bg5 20. Rb4 h5 21. h3 hxg4
22. hxg4 Rc7 23. Ne4 Be7 24. Be3 Rfc8 25. Rc1 Na4 26. Ng3 b5 27. g5 bxc4 28.
Rbxc4 Nb2 29. Rxc7 Nxd3 30. Rxc8+ Bxc8 31. Rxc8+ Bf8 32. g6 Qd7 33. Ra8 Nc5 34.
Ne4 1-0

[Event "Women's Speed Chess Q4"]
[Site "chess.com INT"]
[Date "2021.06.03"]
[Round "3"]
[White "Head, Louise"]
[Black "Vantika, Agrawal"]
[Result "0-1"]
[WhiteTitle "WFM"]
[BlackTitle "WIM"]
[WhiteElo "2090"]
[BlackElo "2286"]
[WhiteFideId "424773"]
[BlackFideId "25050389"]
[EventDate "2021.06.03"]

1. d4 Nf6 2. c4 g6 3. Nc3 Bg7 4. e4 d6 5. Be2 O-O 6. Nf3 Nbd7 7. O-O e5 8. Be3
c6 9. dxe5 dxe5 10. Ne1 Qe7 11. Qc2 a5 12. Nd3 Re8 13. Rfd1 Nf8 14. f3 N6d7 15.
Rac1 Ne6 16. Qd2 Nd4 17. Bf1 Rd8 18. Qf2 Ne6 19. b3 Bf6 20. Na4 Bg5 21. Bxg5
Qxg5 22. Nb6 Nxb6 23. Qxb6 Rd4 24. Nc5 Qe3+ 25. Kh1 Rxd1 26. Rxd1 Qxc5 27. Rd8+
Kg7 28. Qxc5 Nxc5 29. g3 Ne6 30. Re8 Nc7 31. Rd8 Be6 32. Rd6 Na6 33. c5 Nxc5 34.
Rd2 a4 35. Rc2 axb3 36. axb3 Nxb3 37. Rb2 b5 38. Bd3 Ra1+ 39. Kg2 c5 40. g4 c4
41. Bc2 c3 42. Rxb3 Bxb3 43. Bxb3 c2 44. Bxc2 Ra2 45. Kg3 Rxc2 46. h4 b4 47. g5
b3 48. h5 b2 49. h6+ Kf8 50. f4 exf4+ 51. Kxf4 b1=Q 52. Ke5 Qb2+ 53. Kf4 Rf2+
54. Kg4 Rg2+ 55. Kh3 Rh2+ 0-1

[Event "Women's Speed Chess Q4"]
[Site "chess.com INT"]
[Date "2021.06.03"]
[Round "3"]
[White "Girya, Olga"]
[Black "Nguyen, Hong Anh"]
[Result "1-0"]
[WhiteTitle "WGM"]
[BlackTitle "WIM"]
[WhiteElo "2451"]
[BlackElo "1993"]
[WhiteFideId "4195752"]
[BlackFideId "12406732"]
[EventDate "2021.06.03"]

1. d4 Nf6 2. Nf3 g6 3. Bg5 Ne4 4. Bf4 Bg7 5. Nbd2 d5 6. e3 Nf6 7. Bd3 O-O 8. h3
c5 9. c3 Nc6 10. O-O Nd7 11. Qe2 e5 12. dxe5 Ndxe5 13. Nxe5 Nxe5 14. Bc2 Nc6 15.
Rfd1 d4 16. cxd4 cxd4 17. Nf3 Qb6 18. Bb3 dxe3 19. Bxe3 Qc7 20. Bc5 Rd8 21.
Rxd8+ Qxd8 22. Rd1 Bd7 23. Qc4 Qe8 24. Qxf7+ Qxf7 25. Bxf7+ Kxf7 26. Rxd7+ Kg8
27. Rxb7 Rc8 28. Be3 a5 29. b3 Nb4 30. Ra7 Nxa2 31. Rxa5 Nc3 32. Rc5 Rb8 33. Ng5
Bf6 34. Rc6 Nd5 35. Ne4 Bg7 36. Bc5 Be5 37. Re6 Bg7 38. Rd6 Nf4 39. b4 Ne2+ 40.
Kf1 Nf4 41. h4 h5 42. g3 Be5 43. Ra6 Nd5 44. Rxg6+ Kf7 45. Rg5 Ke6 46. Rxh5 Nxb4
47. Bxb4 Rxb4 48. Nc5+ Kf6 49. Rxe5 Rb1+ 50. Re1 Rb5 51. Ne4+ 1-0

[Event "Women's Speed Chess Q4"]
[Site "chess.com INT"]
[Date "2021.06.03"]
[Round "3"]
[White "Szente Varga, Fruzsina"]
[Black "Selkirk, Rebecca"]
[Result "1-0"]
[WhiteTitle "WFM"]
[BlackTitle "WCM"]
[WhiteElo "2100"]
[BlackElo "1799"]
[WhiteFideId "712264"]
[BlackFideId "14306514"]
[EventDate "2021.06.03"]

1. e4 c6 2. d4 d5 3. Nc3 dxe4 4. Nxe4 Nd7 5. Bc4 Ngf6 6. Ng5 e6 7. Qe2 Nb6 8. c3
Be7 9. Bb3 O-O 10. f4 c5 11. N1f3 cxd4 12. Nxd4 Nbd5 13. O-O b6 14. Rd1 Qc7 15.
Qf2 h6 16. Nh3 Bb7 17. Bc2 a5 18. Re1 Bc5 19. Bd2 Rfe8 20. Rad1 Rad8 21. Kh1 Kh8
22. Bb1 Ba8 23. Qh4 Qb7 24. Nf3 Ne3 25. Bxe3 Rxd1 26. Rxd1 Bxe3 27. Nf2 Nd5 28.
Be4 Qc7 29. Nd3 Nxf4 30. Bxa8 Rxa8 31. Nxf4 Bxf4 32. Qg4 Bd6 33. Nd4 Bf8 34. Rf1
f6 35. Nxe6 Qe7 36. Nxf8 Qxf8 37. Qf3 Rd8 38. h3 Qd6 39. Rf2 Qd1+ 40. Kh2 Qxf3
41. gxf3 Rd1 42. Kg3 Kg8 43. Kf4 Kf7 44. Re2 Rb1 45. a3 Rh1 46. Kg3 g5 47. Rd2
Rg1+ 48. Kh2 Rb1 49. Kg3 Kg6 50. b4 h5 51. Rd6 axb4 52. axb4 Rb3 53. Rc6 Rxc3
54. Rxc3 h4+ 55. Kf2 Kf5 56. Rc6 1-0

[Event "Women's Speed Chess Q4"]
[Site "chess.com INT"]
[Date "2021.06.03"]
[Round "3"]
[White "Adam, Ernestina"]
[Black "Klinova, Masha"]
[Result "0-1"]
[WhiteTitle "WCM"]
[BlackTitle "IM"]
[WhiteElo "1354"]
[BlackElo "2275"]
[WhiteFideId "165883"]
[BlackFideId "2802015"]
[EventDate "2021.06.03"]

1. e4 d6 2. d4 Nf6 3. Nc3 g6 4. f4 Bg7 5. Nf3 c5 6. dxc5 Qa5 7. Bd3 Qxc5 8. Qe2
O-O 9. Be3 Qa5 10. h3 Nc6 11. O-O a6 12. f5 Nd7 13. Qf2 Qd8 14. Qh4 Nde5 15. Ng5
h6 16. Nf3 Nxf3+ 17. Rxf3 g5 18. Bxg5 hxg5 19. Qxg5 f6 20. Qg4 Ne5 21. Qh5 Nxf3+
22. gxf3 b5 23. Kh1 Qe8 24. Qh4 e6 25. Rg1 Ra7 26. fxe6 Qxe6 27. Rg3 f5 28. exf5
Qe1+ 29. Kg2 Qd2+ 30. Kh1 Bxf5 31. Nd5 Bxd3 32. cxd3 Raf7 33. Ne7+ Rxe7 34. Qxe7
Qc1+ 35. Kg2 Qxb2+ 36. Kh1 Rf7 37. Qd8+ Rf8 38. Qe7 Qf6 39. Qd7 Kh7 40. Qg4 Rf7
41. Qh5+ Kg8 42. Qg4 Re7 43. Qc8+ Kh7 44. Qc1 Re2 45. Qd1 Qb2 46. Qg1 Rc2 47.
Rg4 Rc1 48. Rh4+ Kg8 0-1

[Event "Women's Speed Chess Q4"]
[Site "chess.com INT"]
[Date "2021.06.03"]
[Round "3"]
[White "Starosta, Martyna"]
[Black "Zhai, Mo"]
[Result "0-1"]
[WhiteTitle "WCM"]
[BlackTitle "WGM"]
[WhiteElo "1910"]
[BlackElo "2366"]
[WhiteFideId "21818754"]
[BlackFideId "8600201"]
[EventDate "2021.06.03"]

1. e4 e6 2. d4 d5 3. Nc3 dxe4 4. Nxe4 Bd7 5. Bd3 Bc6 6. Nf3 Nd7 7. O-O Ngf6 8.
Qe2 Be7 9. b3 O-O 10. Nxf6+ Nxf6 11. Bb2 Bd5 12. c4 Bxf3 13. Qxf3 c6 14. Rad1
Qa5 15. Bc3 Bb4 16. Bxb4 Qxb4 17. Bb1 Rfd8 18. h3 a5 19. a4 Rd7 20. Rd3 Rad8 21.
Rfd1 h6 22. Qe3 b5 23. axb5 cxb5 24. Rc1 bxc4 25. bxc4 a4 26. c5 Rxd4 27. Rxd4
Qxd4 28. Qxd4 Rxd4 29. c6 Rd8 30. Bc2 a3 31. Ra1 Ra8 32. Bb3 Kf8 33. c7 Rc8 34.
Rxa3 Rxc7 35. Kh2 g5 36. Ra8+ Kg7 37. Bd1 Ne4 38. f3 Nd6 39. Bb3 Nf5 40. Ra5 Rc3
41. Ba2 Rc7 42. Rb5 Nh4 43. Ra5 Rc2 44. Ra7 Rxg2+ 45. Kh1 Kf6 46. Ra4 Rf2 47. f4
Nf3 48. fxg5+ hxg5 0-1

[Event "Women's Speed Chess Q4"]
[Site "chess.com INT"]
[Date "2021.06.03"]
[Round "3"]
[White "Padmini, Rout"]
[Black "Socko, Monika"]
[Result "1-0"]
[WhiteTitle "IM"]
[BlackTitle "GM"]
[WhiteElo "2370"]
[BlackElo "2421"]
[WhiteFideId "5029295"]
[BlackFideId "1106619"]
[EventDate "2021.06.03"]

1. Nf3 d5 2. g3 Nc6 3. d4 Bf5 4. Bg2 Nb4 5. Na3 e6 6. O-O Nf6 7. c4 Be7 8. Ne5
O-O 9. Bd2 Na6 10. c5 c6 11. b4 Nc7 12. Nc2 h6 13. a4 a6 14. Ra3 Nd7 15. Nxd7
Qxd7 16. Na1 Bf6 17. Bf4 Rfe8 18. Be5 Bxe5 19. dxe5 a5 20. bxa5 Rxa5 21. Nb3 Ra7
22. Nd4 Na6 23. Qc1 Qc7 24. Nxf5 exf5 25. f4 Qa5 26. Rc3 Qxa4 27. Bh3 g6 28. g4
fxg4 29. Bxg4 Nc7 30. Rh3 Kg7 31. Kh1 Rh8 32. Rg1 Qe4+ 33. Bf3 Qf5 34. Bg4 Qe4+
35. Bf3 Qd4 36. f5 Qxe5 37. fxg6 fxg6 38. Qc2 Qf6 39. Rhg3 g5 40. h4 Ne6 41. Bg4
gxh4 42. R3g2 Ng5 43. Bf5 Ra3 44. e4 Re3 45. Qf2 Qc3 46. Qf4 Rf8 47. Rxg5+ hxg5
48. Qxg5+ Kf7 49. Qg6+ Ke7 50. Qe6+ Kd8 51. Qd7# 1-0

[Event "Women's Speed Chess Q4"]
[Site "chess.com INT"]
[Date "2021.06.03"]
[Round "3"]
[White "Dauletova, Gulmira"]
[Black "Cyfka, Karina"]
[Result "0-1"]
[WhiteTitle "WGM"]
[BlackTitle "IM"]
[WhiteElo "2285"]
[BlackElo "2415"]
[WhiteFideId "13702971"]
[BlackFideId "1122681"]
[EventDate "2021.06.03"]

1. e4 e5 2. Nf3 Nc6 3. Bb5 a6 4. Ba4 Nf6 5. O-O b5 6. Bb3 Bb7 7. d3 Bc5 8. c3 d6
9. Re1 O-O 10. h3 h6 11. Nbd2 Bb6 12. Nf1 Ne7 13. Ng3 Ng6 14. d4 c5 15. d5 c4
16. Bc2 Bc8 17. Nh2 Bd7 18. Qf3 Nh7 19. Nf5 Bc5 20. Ng4 Ng5 21. Qg3 h5 22. Ngh6+
gxh6 23. Nxh6+ Kh7 24. Bxg5 f6 25. Be3 Bxe3 26. Qxe3 Nf4 27. Nf5 Bxf5 28. exf5
Rg8 29. Be4 Qf8 30. Kh2 h4 31. g3 hxg3+ 32. fxg3 Nh5 33. Rg1 Qg7 34. Raf1 Qg5
35. Qxg5 Rxg5 36. Rf2 Rag8 37. g4 Nf4 38. Rg3 R5g7 39. Rd2 a5 40. Bf3 b4 41.
cxb4 axb4 42. Rc2 Rc7 43. Be4 Ra8 44. b3 c3 45. Rf3 Rc5 46. h4 Rca5 47. Rff2
Nxd5 48. g5 Ne3 49. Rce2 Ng4+ 50. Kg3 Nxf2 51. Rxf2 d5 52. Bb1 e4 53. Kf4 Rc5
54. Rg2 Rac8 55. Bc2 Re8 56. gxf6 d4 57. Bxe4 Rxe4+ 58. Kxe4 c2 59. Rg7+ Kh8 60.
Rg1 c1=Q 0-1

[Event "Women's Speed Chess Q4"]
[Site "chess.com INT"]
[Date "2021.06.03"]
[Round "3"]
[White "Kiolbasa, Oliwia"]
[Black "Narva, Mai"]
[Result "0-1"]
[WhiteTitle "WIM"]
[BlackTitle "WIM"]
[WhiteElo "2255"]
[BlackElo "2276"]
[WhiteFideId "1154613"]
[BlackFideId "4500512"]
[EventDate "2021.06.03"]

1. e4 c5 2. Nf3 d6 3. d4 cxd4 4. Nxd4 Nf6 5. Nc3 g6 6. Be3 Bg7 7. f3 O-O 8. Qd2
Nc6 9. g4 Be6 10. Nxe6 fxe6 11. O-O-O Ne5 12. Be2 Rc8 13. Nb5 Nc4 14. Bxc4 Rxc4
15. Nd4 Qd7 16. h4 Rfc8 17. Rh2 e5 18. Nb3 Rxc2+ 19. Qxc2 Rxc2+ 20. Rxc2 b6 21.
Kb1 a5 22. Rdc1 Nxg4 23. fxg4 Qxg4 24. Nd2 b5 25. Bg5 Kf7 26. Rc7 Bf6 27. Rf1
Ke6 28. Bxf6 exf6 29. Rxh7 a4 30. Rh8 b4 31. Rf8 f5 32. exf5+ gxf5 33. Nf3 Qe4+
34. Ka1 Qd3 35. Ng5+ Kd5 36. R8xf5 a3 37. R5f3 Qc2 38. bxa3 bxa3 39. Rxa3 Qh2
40. Rd1+ Kc6 41. Rad3 Qxh4 42. Rxd6+ Kb7 43. Nf7 e4 44. Rb1+ Kc7 45. Rc1+ Kb8
46. Rb6+ Ka7 47. Rcb1 e3 48. Rb7+ Ka6 49. R7b6+ Ka5 50. R1b5+ Ka4 51. Rb1 Qd4+
52. R6b2 e2 0-1

[Event "Women's Speed Chess Q4"]
[Site "chess.com INT"]
[Date "2021.06.03"]
[Round "3"]
[White "Dong, Khanh Linh"]
[Black "Samaganova, Alexandra"]
[Result "0-1"]
[WhiteTitle "WCM"]
[BlackTitle "WFM"]
[WhiteElo "1970"]
[BlackElo "1993"]
[WhiteFideId "12403040"]
[BlackFideId "13800221"]
[EventDate "2021.06.03"]

1. e4 c5 2. Nf3 e6 3. d4 cxd4 4. Nxd4 a6 5. Nc3 Qc7 6. a3 Nf6 7. Be3 b5 8. Be2
Bb7 9. f3 d5 10. exd5 Nxd5 11. Nxd5 Bxd5 12. O-O Bd6 13. f4 Qb7 14. Bf3 O-O 15.
Bxd5 Qxd5 16. Nf3 Qc6 17. Qd3 Bc5 18. Rae1 Bxe3+ 19. Rxe3 Qc5 20. Ng5 g6 21. Kh1
Nc6 22. Rh3 h5 23. Rxh5 Qd4 24. Qxd4 Nxd4 25. Rh3 Nxc2 26. Ne4 Nd4 27. Nf6+ Kg7
28. Nd7 Rfd8 29. Ne5 Ne2 30. Re3 Nxf4 31. Nxf7 Rd3 32. Rxd3 Nxd3 33. Ng5 Nxb2
34. Nxe6+ Kg8 35. h4 Nc4 36. Nc7 Ra7 37. Nd5 Nxa3 38. Rf6 Kg7 39. Rb6 Nc4 40.
Rc6 Ne5 41. Re6 Ng4 42. Nf4 a5 43. Rxg6+ Kh7 44. Rxg4 a4 0-1

[Event "Women's Speed Chess Q4"]
[Site "chess.com INT"]
[Date "2021.06.03"]
[Round "3"]
[White "Nikolova, Adriana"]
[Black "Zakirova, Aisha"]
[Result "1-0"]
[WhiteTitle "WGM"]
[BlackTitle "WCM"]
[WhiteElo "2243"]
[BlackElo "1585"]
[WhiteFideId "2908689"]
[BlackFideId "13719734"]
[EventDate "2021.06.03"]

1. e4 c5 2. Nf3 d6 3. d4 cxd4 4. Nxd4 Nf6 5. Nc3 Nc6 6. Bg5 e6 7. Qd2 a6 8. f4
Bd7 9. O-O-O h6 10. Bxf6 Qxf6 11. Nf3 Qd8 12. Bd3 Be7 13. f5 O-O 14. fxe6 fxe6
15. Kb1 b5 16. Ne2 Rb8 17. Rdf1 a5 18. g4 Bg5 19. Nxg5 Qxg5 20. Rxf8+ Kxf8 21.
Rf1+ Kg8 22. Qxg5 hxg5 23. Ng1 Ne5 24. h3 b4 25. Nf3 Nxf3 26. Rxf3 a4 27. Bc4
Rc8 28. b3 a3 29. Kc1 Rb8 30. Kd2 Rb6 31. c3 bxc3+ 32. Kxc3 Rc6 33. Kb4 Rc5 34.
Rd3 Re5 35. Rxd6 Be8 36. Rd8 Kf7 37. Rd4 Bc6 38. Bd3 Kf6 39. Kxa3 Ra5+ 40. Kb2
Ke5 41. Rc4 Bb7 42. a4 Ba6 43. Rc3 Bxd3 44. Rxd3 Kxe4 45. Rd7 e5 46. Rxg7 Kf3
47. Rf7+ Kg3 48. Rf5 e4 49. Rxa5 e3 50. Re5 Kf2 51. a5 e2 52. Rf5+ Ke3 53. Re5+
Kd4 54. Rxe2 1-0

[Event "Women's Speed Chess Q4"]
[Site "chess.com INT"]
[Date "2021.06.03"]
[Round "3"]
[White "Obregon Garcia, Roxangel"]
[Black "Li, Xueyi"]
[Result "0-1"]
[WhiteTitle "WIM"]
[BlackTitle "WGM"]
[WhiteElo "2167"]
[BlackElo "2328"]
[WhiteFideId "3520420"]
[BlackFideId "8605912"]
[EventDate "2021.06.03"]

1. d4 Nf6 2. Bf4 b6 3. e3 Bb7 4. Nc3 g6 5. h4 h5 6. Nf3 Bg7 7. Bd3 d6 8. e4 Nbd7
9. Qe2 Ng4 10. O-O-O c5 11. dxc5 bxc5 12. Bc4 O-O 13. Ng5 Nge5 14. Bxe5 Nxe5 15.
f4 Nxc4 16. Qxc4 Qa5 17. Nd5 Bxd5 18. exd5 Rab8 19. c3 Qc7 20. Rhe1 Qd7 21. Rd2
a5 22. Rde2 Rfe8 23. Rf2 Qg4 24. Re4 Qxh4 25. Qe2 Bh6 26. Nf3 Qf6 27. g3 Rb7 28.
Qc4 Bg7 29. Rfe2 Reb8 30. Ng5 Bh6 31. Nf3 Ra8 32. Nh4 a4 33. Nf3 a3 34. b3 Bg7
35. R2e3 Rab8 36. Nh4 Bh6 37. Ng2 Kf8 38. Ne1 g5 39. Nf3 gxf4 40. gxf4 Qf5 41.
Qd3 Qg4 42. Nd2 Bxf4 43. Rf3 Bxd2+ 44. Kxd2 Qg5+ 45. Ke2 Rxb3 0-1

[Event "Women's Speed Chess Q4"]
[Site "chess.com INT"]
[Date "2021.06.03"]
[Round "3"]
[White "Bivol, Alina"]
[Black "Jakubowska, Anna"]
[Result "1-0"]
[WhiteTitle "WGM"]
[BlackTitle "WIM"]
[WhiteElo "2385"]
[BlackElo "2073"]
[WhiteFideId "4100123"]
[BlackFideId "1121952"]
[EventDate "2021.06.03"]

1. e4 c6 2. d4 d5 3. e5 Bf5 4. h4 h5 5. Bd3 Bxd3 6. Qxd3 e6 7. Bg5 Be7 8. Nf3 c5
9. dxc5 Qa5+ 10. Nbd2 Qxc5 11. c4 dxc4 12. Nxc4 Qb4+ 13. Nfd2 Nc6 14. Bxe7 Ngxe7
15. Nd6+ Kf8 16. Nc4 Rd8 17. Qe2 Nd4 18. Qe4 b5 19. Nd6 Nef5 20. Rd1 Nxd6 21.
exd6 f5 22. Qb7 Nc2+ 23. Kf1 Qxd6 24. Qxb5 Nd4 25. Qc4 Ke7 26. Nf3 e5 27. Nxd4
exd4 28. g3 Kf6 29. Qd3 Rhe8 30. Kg2 Qd5+ 31. Kh2 Re4 32. Rhe1 Qe5 33. Rxe4 fxe4
34. Qa6+ Rd6 35. Qxa7 d3 36. Qe3 Qf5 37. b4 Kg6 38. a4 Rf6 39. Kg1 Qd5 40. b5
Rf3 41. Qb6+ Rf6 42. Qb8 Qb3 43. Rf1 d2 44. Qe5 Qd3 45. Rd1 Qe2 46. Qg5+ Kf7 47.
Qd5+ Kg6 48. Qg5+ Kh7 49. Rxd2 Qe1+ 50. Kg2 Rf7 51. Qxh5+ Kg8 52. Qg5 Rf6 53.
Qe3 Qb1 54. Re2 1-0

[Event "Women's Speed Chess Q4"]
[Site "chess.com INT"]
[Date "2021.06.03"]
[Round "3"]
[White "Sviridova, Vlada"]
[Black "Kulkarni, Bhakti"]
[Result "0-1"]
[WhiteTitle "WFM"]
[BlackTitle "IM"]
[WhiteElo "2144"]
[BlackElo "2391"]
[WhiteFideId "24109606"]
[BlackFideId "5019516"]
[EventDate "2021.06.03"]

1. d4 d6 2. Nf3 Nf6 3. c4 Bg4 4. e3 Nbd7 5. Be2 e5 6. Nc3 Be7 7. h3 Bh5 8. O-O
O-O 9. d5 c6 10. e4 Qc7 11. Nd2 Bxe2 12. Qxe2 cxd5 13. cxd5 a6 14. a4 Rfc8 15.
Kh2 Bf8 16. Ra3 Rab8 17. a5 Ra8 18. b4 b5 19. Bb2 Qa7 20. Nd1 Rc7 21. Ne3 Rac8
22. g3 g6 23. h4 Bh6 24. Rb1 Bxe3 25. Rxe3 h5 26. f3 Rc2 27. Rd3 Kg7 28. Kg2 Qc7
29. Qd1 Nf8 30. Re3 Qc4 31. Re2 Qd3 32. f4 Ng4 33. Qe1 f6 34. fxe5 fxe5 35. Ba1
Ne3+ 36. Kh3 Rxd2 37. Rxd2 Qxe4 38. Re2 Qg4+ 39. Kh2 Nf5 40. Rg2 Nd7 41. Rb3 Nf6
42. Bxe5 dxe5 43. Qxe5 Re8 44. Qc7+ Re7 45. Qc3 Re3 46. Qc7+ Kh6 47. Rxe3 Nxe3
48. Qf4+ Qxf4 49. gxf4 Nxg2 50. Kxg2 Nxd5 51. Kf3 Nxb4 52. Ke4 Nc6 53. Kd5 Nxa5
54. Kc5 Nb7+ 55. Kb6 b4 56. Kxb7 b3 57. Kxa6 b2 0-1

[Event "Women's Speed Chess Q4"]
[Site "chess.com INT"]
[Date "2021.06.03"]
[Round "3"]
[White "Corrales Jimenez, Zenia"]
[Black "Tarasova, Viktoriya"]
[Result "0-1"]
[WhiteTitle "WIM"]
[BlackTitle "WIM"]
[WhiteElo "2221"]
[BlackElo "2226"]
[WhiteFideId "3506355"]
[BlackFideId "4175840"]
[EventDate "2021.06.03"]

1. e4 c5 2. c3 Nf6 3. e5 Nd5 4. d4 cxd4 5. cxd4 e6 6. Nf3 d6 7. Bc4 Nb6 8. Bb5+
Bd7 9. Bxd7+ N8xd7 10. O-O Be7 11. Nc3 d5 12. Qd3 h6 13. b3 O-O 14. Be3 a6 15.
Nd2 Rc8 16. Ne2 Ba3 17. Ng3 Qe7 18. Nh5 f5 19. exf6 Nxf6 20. Qg6 Nxh5 21. Qxh5
Qf7 22. Qg4 Kh8 23. Nf3 Nd7 24. Nh4 Kh7 25. Kh1 Nf6 26. Qe2 Kg8 27. Qd3 Ne4 28.
Nf3 Bd6 29. Ne5 Bxe5 30. dxe5 Nc5 31. Qd4 Nd7 32. f4 Qe7 33. h3 Nb8 34. Rac1 Nc6
35. Qb6 Qd7 36. Bc5 Rf7 37. Bd6 Qd8 38. Qe3 Qa5 39. a4 Qd8 40. Qg3 Kh7 41. Qg4
Qd7 42. b4 Nd4 43. Rxc8 Qxc8 44. Bc5 Nf5 45. Kh2 Qc7 46. h4 b6 47. Bf2 Qe7 48.
h5 Kg8 49. Rb1 d4 50. Qe2 Qb7 51. g4 Ne3 52. Bxe3 dxe3 53. Qxe3 Qd5 54. Re1 Rc7
55. Re2 b5 56. f5 Rc1 57. Qe4 Qd1 58. f6 Qg1+ 59. Kh3 Qf1+ 60. Qg2 Rc3+ 61. Kh2
Qf4+ 62. Kg1 Rc1+ 0-1

[Event "Women's Speed Chess Q4"]
[Site "chess.com INT"]
[Date "2021.06.03"]
[Round "3"]
[White "Balabayeva, Xeniya"]
[Black "Gaponenko, Inna"]
[Result "1-0"]
[WhiteTitle "WFM"]
[BlackTitle "IM"]
[WhiteElo "2178"]
[BlackElo "2357"]
[WhiteFideId "13719688"]
[BlackFideId "14101181"]
[EventDate "2021.06.03"]

1. e4 g6 2. d4 Bg7 3. Nc3 d6 4. g3 Nf6 5. Bg2 O-O 6. Nge2 Nc6 7. h3 e5 8. Be3
exd4 9. Nxd4 Re8 10. O-O Bd7 11. Qd2 a6 12. Rae1 Ne5 13. b3 c5 14. Nde2 Bxh3 15.
f4 Bxg2 16. fxe5 Bxf1 17. exf6 Bxe2 18. fxg7 Bf3 19. Bf4 Re6 20. Kf2 Bg4 21. Nd5
b5 22. Kg2 Ra7 23. Rf1 Qa8 24. Qc3 Qd8 25. Bh6 b4 26. Nf6+ Rxf6 27. Qxf6 Qxf6
28. Rxf6 Be6 29. Rf2 a5 30. Rd2 Rd7 31. Bf4 Kxg7 32. Bxd6 f6 33. Kf2 Kf7 34. Ke3
h5 35. Bxc5 Rc7 36. Bb6 Rc3+ 37. Kf2 g5 38. Bxa5 h4 39. gxh4 gxh4 40. Bxb4 Rh3
41. Kg2 Rg3+ 42. Kh2 Rh3+ 43. Kg2 Rg3+ 44. Kf2 Rh3 45. Bd6 Rh1 46. Kg2 Ra1 47.
a4 h3+ 48. Kh2 Kg6 49. Bg3 Kg5 50. Rf2 Kg4 51. Bd6 Rc1 52. a5 1-0

[Event "Women's Speed Chess Q4"]
[Site "chess.com INT"]
[Date "2021.06.03"]
[Round "3"]
[White "Arpita, Mukherjee"]
[Black "Zaichenko, Daria"]
[Result "1-0"]
[WhiteTitle "WIM"]
[BlackTitle "WFM"]
[WhiteElo "2206"]
[BlackElo "2104"]
[WhiteFideId "5056403"]
[BlackFideId "4197453"]
[EventDate "2021.06.03"]

1. e4 e5 2. Nf3 Nc6 3. Bb5 a6 4. Ba4 Nge7 5. c3 g6 6. d4 exd4 7. cxd4 b5 8. Bb3
Bg7 9. O-O d6 10. h3 O-O 11. Nc3 Na5 12. Bc2 c5 13. Bg5 h6 14. Bxe7 Qxe7 15. Nd5
Qb7 16. Qe1 Nc6 17. dxc5 dxc5 18. e5 Re8 19. Be4 Bxe5 20. Nxe5 Rxe5 21. f4 Rxe4
22. Qxe4 Bf5 23. Qf3 Kg7 24. Ne3 Bd3 25. Rfd1 c4 26. f5 Re8 27. f6+ Kh7 28. Kh1
Be4 29. Qf4 Ne5 30. Rd6 Nd3 31. Qh4 g5 32. Qh5 Bxg2+ 33. Nxg2 Qxg2+ 34. Kxg2
Nf4+ 35. Kf3 Nxh5 36. Rd7 Kg6 37. Ra7 Re6 38. Rd1 Rxf6+ 39. Kg2 Nf4+ 40. Kh2 Nd3
41. b3 Rf2+ 42. Kg3 f5 43. Rxd3 Rxa2 44. Rd6+ Kh5 45. bxc4 bxc4 46. Raxa6 f4+
47. Kf3 Rxa6 48. Rxa6 c3 49. Rc6 c2 50. Rxc2 Kh4 51. Kg2 h5 52. Rc4 g4 53. hxg4
Kxg4 54. Rc8 h4 55. Rg8+ Kh5 56. Kf3 h3 57. Kxf4 h2 58. Rh8+ Kg6 59. Rxh2 1-0

[Event "Women's Speed Chess Q4"]
[Site "chess.com INT"]
[Date "2021.06.03"]
[Round "3"]
[White "Enkhtuul, Altan-Ulzii"]
[Black "Pandey, Srishti"]
[Result "1-0"]
[WhiteTitle "WGM"]
[BlackTitle "WFM"]
[WhiteElo "2228"]
[BlackElo "2026"]
[WhiteFideId "4901444"]
[BlackFideId "35093290"]
[EventDate "2021.06.03"]

1. d4 Nf6 2. Nc3 d5 3. Bf4 Bf5 4. e3 e6 5. Bd3 Bxd3 6. Qxd3 Bd6 7. Bg3 O-O 8.
Nf3 c5 9. Nb5 c4 10. Qd1 Qa5+ 11. Nc3 Bb4 12. O-O Bxc3 13. bxc3 Ne4 14. Bh4 Nxc3
15. Qd2 Nc6 16. Ne5 Ne4 17. Qe2 Nxe5 18. dxe5 Qc3 19. f3 Nc5 20. Be7 Rfc8 21.
Bd6 Nd7 22. f4 Nc5 23. f5 exf5 24. Rxf5 Ne4 25. Raf1 Nxd6 26. exd6 Rf8 27. Rxd5
Rae8 28. e4 b5 29. d7 Rd8 30. Qf2 a6 31. h3 g6 32. e5 Qb4 33. Qf6 c3 34. e6 fxe6
35. Qxe6+ Kg7 36. Qe5+ Kg8 37. Rxf8+ Qxf8 38. Qe6+ Qf7 39. Qd6 Qg7 40. Rc5 Qxd7
41. Qxd7 Rxd7 42. Rxc3 Rd6 43. Kf2 Kg7 44. Ke2 Kf6 45. Rf3+ Ke5 46. Re3+ Kf5 47.
g3 h6 48. Kf3 h5 49. Rc3 g5 50. g4+ Kg6 51. Rc8 hxg4+ 52. hxg4 Rf6+ 53. Ke3 Rd6
54. Ke4 Kf6 55. Rf8+ Kg7 56. Rf5 Kg6 57. Rc5 Re6+ 58. Re5 Rc6 59. Kd3 Kf6 60.
Rd5 Rc4 61. Rd4 Rc6 62. c3 Re6 63. a4 1-0